| 000 -LEADER |
| fixed length control field |
00591nam a22001697a 4500 |
| 008 - FIXED-LENGTH DATA ELEMENTS--GENERAL INFORMATION |
| fixed length control field |
200123b ||||| |||| 00| 0 eng d |
| 041 0# - LANGUAGE CODE |
| Language code of text/sound track or separate title |
eng |
| 082 00 - DEWEY DECIMAL CLASSIFICATION NUMBER |
| Classification number |
623.8703 |
| Item number |
K393 |
| 100 ## - MAIN ENTRY--PERSONAL NAME |
| 9 (RLIN) |
985 |
| Personal name |
Kerchove, Rene de. |
| 245 10 - TITLE STATEMENT |
| Title |
International maritime dictionary : An encyclopedic dictionary of useful maritime terms and phrases, together with equivalents in French and German / |
| 250 ## - EDITION STATEMENT |
| Edition statement |
2nd ed. |
| 260 ## - PUBLICATION, DISTRIBUTION, ETC. (IMPRINT) |
| Place of publication, distribution, etc |
New York : |
| Name of publisher, distributor, etc |
Van Nostrand Reinhold Company, |
| Date of publication, distribution, etc |
c1961. |
| 300 ## - PHYSICAL DESCRIPTION |
| Extent |
vii, 1018 p. |
| 365 ## - TRADE PRICE |
| Unit of pricing |
56.04 |
| 650 #0 - SUBJECT ADDED ENTRY--TOPICAL TERM |
| Topical term or geographic name as entry element |
Marine Engineering Dictionary |
| 942 ## - ADDED ENTRY ELEMENTS (KOHA) |
| Item type |
Books |